LEADER 01583nam a2200325 4500 001 000000363171 003 CaOOAMICUS 005 20250616112554.0 008 250616s2024 it 000 u ita r 020 $a978-88-382-5346-1 040 $aSeMil$bita 100 1 $aIlardo, Massimiliano,$c.$0(OLS)http://semarc/name/122203 245 10$aTeologia delle religioni ed esperienza religiosa :$bil contributo di Vladimír Boublík : un itinerario in prospettiva dialogica /$cMassimiliano M. Ilardo ; prefazione di Mons. Gaetano Castello. 264 1$aRoma :$bStudium,$c2024. 300 $a228 p. ;$c21 cm 490 1 $aCultura Studium ;$v341 650 4$aReligioni - Teologia.$0(OLS)http://semarc/subject/17860 650 4$aBoublík, Vladimír <1928-1974> . Teologia delle religioni.$0(OLS)http://semarc/subject/57860 700 1 $aCastello, Gaetano,$d<1957- >.$0(OLS)http://semarc/name/65796 830 0$aCultura Studium ;$v341.$0(OLS)http://semarc/title/33654 850 $aSeMil 852 $aSeMil$W1$xVenegono$y1$m2M III 101$j258521$B254036$CSeMilBibl$Z2$F254036 $81 900 1 $aIlardo, Massimiliano Maria. 900 1 $aIlardo, Fabrizio. 996 $6020$a978-88-382-5346-1$9(OLS)http://semarc/number/303372 996 $6245$aTeologia delle religioni ed esperienza religiosa :$bil contributo di Vladimír Boublík : un itinerario in prospettiva dialogica$9(OLS)http://semarc/title/454321 996 $6264$aRoma :$bStudium$9(OLS)http://semarc/publisher/29617 LEADER 01038nam a2200241 i 4500 001 000000236958 003 CaOOAMICUS 005 20220518162855.0 008 141215s1968 it u000 u ita u 013 $a215863 040 $aSeMil$bita 100 1 $aCole, George Douglas Howard.$0(OLS)http://semarc/name/14397 240 14$aThe second International, 1889-1914.$0(OLS)http://semarc/title/440039 245 10$a3.2: La seconda Internazionale, 1889-1914. Parte seconda /$cG. D. H. Cole. 264 1$aBari :$bLaterza,$c1968. 300 $a618 p. ;$c22 cm 500 $aTrad. di Lucia Biocca Marghieri 773 0 $aCole, George Douglas Howard$tStoria del pensiero socialista.$dBari : Laterza$kCollezione storica$g3.2$w()31118 850 $aSeMil 852 $aSeMil$W1$xVenegono$y1$m3N I 236$j187304$B187304$CSeMilBibl$Z2$F198162 $81 996 $6245$a3.2: La seconda Internazionale, 1889-1914. Parte seconda$9(OLS)http://semarc/title/337677 996 $6264$aBari :$bLaterza$9(OLS)http://semarc/publisher/29858